Szembenézve. A gátlástalanság netovábbja
Elmentve itt :
| Szerző: | |
|---|---|
| Adatforrás: | Meister |
| Forrásdokumentuma: | Korunk. - 10 sz., 1998, 66-67 p. |
| Nyelv: | magyar |
| Kulcsszavak: | politikai publicisztika Románia |
| LEADER | 00382nab a2200133 i 4500 | ||
|---|---|---|---|
| 001 | bibPRO00000830 | ||
| 008 | 060524s1998 xx hun | ||
| 040 | |a Sz1 | ||
| 041 | |a hun | ||
| 100 | 1 | |a ADAMESTEANU Gabriela | |
| 245 | 1 | 0 | |a Szembenézve. A gátlástalanság netovábbja |c ADAMESTEANU Gabriela |
| 695 | |a politikai publicisztika | ||
| 695 | |a Románia | ||
| 773 | 0 | |t Korunk. - |g 10 sz., 1998, 66-67 p. | |